Zdaňovanie príjmov v roku 2015 - novela zákona o dani z príjmov
Novela zákona o dani z príjmov účinná od 1.1.2015 prináša rozsiahle reštrikcie a obmedzenia na strane daňovej uznateľnosti výdavkov, či už vo forme limitovaných daňových odpisov, nákladov na reklamné predmety, uplatňovania daňovej zostatkovej ceny majetku pri jeho predaji, alebo v postupnom zahrňova...
Saved in:
| Main Author: | |
|---|---|
| Format: | Book Chapter |
| Language: | Slovak |
| Subjects: | |
| Tags: |
No Tags, Be the first to tag this record!
|
MARC
| LEADER | 00000naa a2200000 4500 | ||
|---|---|---|---|
| 001 | 0196849 | ||
| 005 | 20231114104037.4 | ||
| 041 | 0 | |a slo | |
| 044 | |a SK | ||
| 245 | 1 | 0 | |a Zdaňovanie príjmov v roku 2015 - novela zákona o dani z príjmov |c Martin Tužinský |
| 520 | |a Novela zákona o dani z príjmov účinná od 1.1.2015 prináša rozsiahle reštrikcie a obmedzenia na strane daňovej uznateľnosti výdavkov, či už vo forme limitovaných daňových odpisov, nákladov na reklamné predmety, uplatňovania daňovej zostatkovej ceny majetku pri jeho predaji, alebo v postupnom zahrňovaní niektorých výdavkov/nákladov do základu dane odlišne, ako je to z pohľadu účtovného. | ||
| 610 | 2 | 0 | |a dane z príjmov |
| 610 | 2 | 0 | |a zdaňovanie |
| 610 | 2 | 0 | |a úpravy právne |
| 610 | 2 | 0 | |a Slovensko |
| 610 | 2 | 0 | |a 2015 |
| 100 | 1 | |a Tužinský, Martin | |